AH International Schools' Libraries

Ken hops and ken's plan / (Record no. 49354)

MARC details
000 -LEADER
fixed length control field 00310nam a2200109 4500
020 ## - INTERNATIONAL STANDARD BOOK NUMBER
International Standard Book Number 9781848869745
100 ## - MAIN ENTRY--PERSONAL NAME
Personal name Webster, Sheryl
9 (RLIN) 83812
245 ## - TITLE STATEMENT
Title Ken hops and ken's plan /
Statement of responsibility, etc Sheryl Webster & Yass Sanchez
260 ## - PUBLICATION, DISTRIBUTION, ETC. (IMPRINT)
Place of publication, distribution, etc UK
Name of publisher, distributor, etc Maverick Publishing
Date of publication, distribution, etc 2023
300 ## - PHYSICAL DESCRIPTION
Extent 31 p.
Other physical details col. ill.
Dimensions 21 cm.
942 ## - ADDED ENTRY ELEMENTS (KOHA)
Source of classification or shelving scheme
Koha item type Book
Holdings
Withdrawn status Lost status Source of classification or shelving scheme Damaged status Not for loan Home library Current library Shelving location Date acquired Total Checkouts Full call number Barcode Date last seen Price effective from Koha item type
          Asian Hope Early Years Library Asian Hope Early Years Library Easy Reading 08/19/2025   X WEB 208888 08/19/2025 08/19/2025 Book

For any Logos Library related questions please contact Miss Art at swongnarasuk@asianhope.org.

For any Asian Hope Library related questions please contact Miss Raza at graza@asianhope.org.

Powered by Koha